000 01101nam a22002775a 4500
005 20090811114829.0
008 941012s1993 po 100 0 eng d
010 _aENG-94713
020 _a9788189973988
_c1195.00
020 _a8189973983
_c1195.00
035 _aEN-78246
037 _bDBAD / PUB
040 _adpl
_bEnglish
082 _a338.6420959
100 _aTambunan, Tulus
245 _aDevelopment of small and medium enterprises in ASEAN countries /
_cby Tulus Tambunan
260 _aNew Delhi
_bReadworthy Publications
_c2009
270 _a4662/21, Ansari Road, Daryaganj
_bNew Delhi
_e110002
300 _a390p.
_c24cm(Hb)
500 _aIncludes bibliographical references and index
650 _aSmall business
_zSoutheast Asia
650 _aIndustrial policy
_zSoutheast Asia
650 _aEconomic development
_zSoutheast Asia
942 _2ddc
_cEN
_mTAM
_h338.6420959
999 _c29104
_d29104